Jorge el Guerrillero (Record no. 160539)
[ view plain ]
| 000 -LEADER | |
|---|---|
| campo de control de longitud fija | 00851nam a22001815i 4500 |
| 001 - NÚMERO DE CONTROL | |
| campo de control | 160539 |
| 003 - IDENTIFICADOR DE NÚMERO DE CONTROL | |
| campo de control | ES-MaACL |
| 005 - FECHA Y HORA DE LA ÚLTIMA TRANSACCIÓN | |
| campo de control | 20230906212049.0 |
| 008 - DATOS DE LONGITUD FIJA--INFORMACIÓN GENERAL | |
| campo de control de longitud fija | 020124s1871 sp |||| | spa d |
| 100 1# - ENTRADA PRINCIPAL--NOMBRE DE PERSONA | |
| Nombre de persona | Navarro, Calisto. |
| 9 (RLIN) | 130413 |
| 245 10 - MENCIÓN DEL TÍTULO | |
| Título | Jorge el Guerrillero |
| Resto del título | : zarzuela en tres actos / |
| Mención de responsabilidad, etc. | original y en verso de Calisto Navarro y Antonio Campoamor ; música de Antonio Rovira. |
| 260 ## - PUBLICACIÓN, DISTRIBUCIÓN, ETC. | |
| Lugar de publicación, distribución, etc. | Madrid : |
| Nombre del editor, distribuidor, etc. | [s.n.], |
| Fecha de publicación, distribución, etc. | 1871 ( |
| Fabricante | Imp. Española) |
| 300 ## - DESCRIPCIÓN FÍSICA | |
| Extensión | 61 p. ; |
| Dimensiones | 20 cm. |
| 594 ## - Nota al título y mención de responsabilidad | |
| Nota al título y mención de responsabilidad | Estrenada en Madrid, en el Teatro de la Alhambra, la noche del 18 de setiembre de 1871. |
| 700 1# - ENTRADA AGREGADA--NOMBRE PERSONAL | |
| Nombre de persona | Campoamor, Antonio. |
| 9 (RLIN) | 34229 |
| 700 1# - ENTRADA AGREGADA--NOMBRE PERSONAL | |
| Nombre de persona | Rovira Viñas, Antonio. |
| 9 (RLIN) | 100158 |
| 852 ## - LOCALIZACIÓN | |
| Ubicación | ES-MaACL |
| Número de control de estantería | F-8578(10) |
| Nota libre | - Enc. pasta española, falto de cub. original |
| -- | - Enc. en un vol. facticio formando parte de la col. faciticia "Teatro español moderno", v. 31 |
| Estatus retirado | Estado de pérdida | Estado de daño | No para préstamo | Colección | Biblioteca de origen | Biblioteca actual | Ubicación en estantería | Fecha de adquisición | Total de préstamos | Signatura topográfica completa | Código de barras | Visto por última vez | Precio de reemplazo | Tipo de ítem Koha |
|---|---|---|---|---|---|---|---|---|---|---|---|---|---|---|
| Libros del s. XIX | Biblioteca del Ateneo de Madrid | Biblioteca del Ateneo de Madrid | Sala Pecera Planta 2 | 17/01/2008 | F-8578(10) | 1168095 | 23/02/2023 | 23/02/2023 | Libro impreso antiguo |
